000 00542nam a2200181Ia 4500
003 OSt
005 20200121113712.0
008 190216s9999||||xx |||||||||||||| ||und||
020 _a8183184510
040 _coclc
082 _a658.3
_bRAO/E
100 _aRao, P Subba
_9797
245 0 _aEssentials Of Human Resource Management And Industrial Relations /
_cP Subba Rao
250 _a2nd ed.
260 _bHimalaya Publishing House,
_c1999.
_aMumbai:
300 _a790p
942 _cBK
_2ddc
_h658.3
_iRAO/E
_k658.3
_mRAO/E
999 _c7065
_d7065